Enciclopedia de la musica 1 / (Record no. 28852)

MARC details
000 -LEADER
campo de control de longitud fija 00702nam a22002417a 4500
001 - NÚMERO DE CONTROL
campo de control 00028816
005 - FECHA Y HORA DE LA ÚLTIMA TRANSACCIÓN
campo de control 20260420064015.0
008 - DATOS DE LONGITUD FIJA--INFORMACIÓN GENERAL
campo de control de longitud fija 260420b ag ||||| |||| 00| 0 spa d
020 ## - NÚMERO INTERNACIONAL ESTÁNDAR DEL LIBRO
Número Internacional Estándar del Libro 9684197306
040 ## - FUENTE DE CATALOGACIÓN
Centro catalogador/agencia de origen AR-CcCEOS
Lengua de catalogación Español; Castellano
Centro/agencia transcriptor AR-CcCEOS
041 ## - CÓDIGO DE IDIOMA
Código de lengua del texto/banda sonora o título independiente Español; Castellano
080 ## - NÚMERO DE LA CLASIFICACIÓN DECIMAL UNIVERSAL
Número de la Clasificación Decimal Universal 78
090 ## - LOCALMENTE ASIGNADO TIPO-LC NÚMERO DE CLASIFICACIÓN (OCLC); NÚMERO DE CLASIFICACIÓN LOCAL (RLIN)
Número cutter local (OCLC) ; Número de libro/Signatura topográfica íntegra, CALL (RLIN) HAM1
100 1# - ENTRADA PRINCIPAL--NOMBRE DE PERSONA
Nombre de persona Hamel, Fred,
Fechas asociadas al nombre 1903-1957
9 (RLIN) 1076
245 ## - MENCIÓN DEL TÍTULO
Título Enciclopedia de la musica 1 /
Mención de responsabilidad, etc. Fred Hamel & Martin Hurlimann
264 ## - PRODUCCIÓN, PUBLICACIÓN, DISTRIBUCIÓN, FABRICACIÓN Y COPYRIGHT
Producción, publicación, distribución, fabricación y copyright Barcelona :
Nombre del de productor, editor, distribuidor, fabricante Grijalbo,
Fecha de producción, publicación, distribución, fabricación o copyright c1987.
300 ## - DESCRIPCIÓN FÍSICA
Extensión 371 p. ;
Dimensiones 24x12 cm.
490 ## - MENCIÓN DE SERIE
Designación de volumen o secuencia Tomo 1
655 #0 - TERMINO DE INDIZACIÓN--GENERO/FORMA
Datos o término principal de género/forma enciclopedias
Subdivisión de forma musica
9 (RLIN) 1047
700 1# - ENTRADA AGREGADA--NOMBRE PERSONAL
Nombre de persona Hürlimann, Martin,
Fechas asociadas al nombre 1897-1984
9 (RLIN) 1077
942 ## - ELEMENTOS DE ENTRADA SECUNDARIOS (KOHA)
Fuente de la clasificación o esquema de estantería Clasificación decimal universal
Tipo de ítem Koha Libros
Suprimir en OPAC No
Holdings
Estatus retirado Estado de pérdida Fuente de la clasificación o esquema de estantería Estado de daño No para préstamo Biblioteca de origen Biblioteca actual Fecha de adquisición Número de inventario Total de préstamos Signatura topográfica completa Información codificada de la localización en otra ubicación Colección Código de barras Visto por última vez Precio de reemplazo Tipo de ítem Koha
    Clasificación decimal universal     Biblioteca Julio Serebrinsky Biblioteca Julio Serebrinsky 20/04/2026 46455   78 HAM1 SER 46455 20/04/2026 20/04/2026 Libros